Grille de mots mini #15 - Statistiques

Statistiques générales
  • Ce quiz a été pris 62 fois
  • Le résultat moyen est 23 sur 25
Statistiques - réponses
Place de la lettre Réponses % Correct
1 A S
98%
1 B L
96%
1 C O
95%
1 D O
95%
3 A E
93%
5 A E
93%
2 E I
93%
2 B O
93%
1 E P
93%
2 A T
93%
2 D A
91%
3 C A
91%
3 E E
91%
2 C P
91%
4 A R
91%
3 B V
91%
4 B E
89%
5 C E
89%
4 D I
89%
4 C L
89%
5 B R
89%
3 D S
89%
5 D S
89%
4 E T
89%
5 E E
88%
Aucun quiz correspondant
Distribution des résultats
% des personnes avec chaque résultat
Percentile par nombre de réponses
Votre historique - résultats
Vous n’avez pas pris ce quiz